[Event "Open A Befana"]
[Site "Milano ITA"]
[Date "2012.01.02"]
[Round "1"]
[White "Astengo, Corrado"]
[Black "Cantu', Guido"]
[Result "1/2-1/2"]
[WhiteElo "2109"]
[BlackElo "1914"]
[PlyCount "38"]
[EventDate "2012.01.02"]

1. e4 c5 2. Nf3 d6 3. d4 cxd4 4. Nxd4 Nf6 5. Nc3 a6 6. Bg5 e6 7. f4 Qc7 8. Qf3
b5 9. a3 Nbd7 10. O-O-O Be7 11. Bxf6 Nxf6 12. e5 Bb7 13. Qg3 dxe5 14. fxe5 Nh5
15. Qe3 g6 16. Rg1 h6 17. Nf3 Bc5 18. Nd4 Be7 19. Nf3 Bc5 1/2-1/2

[Event "Open A Befana"]
[Site "Milano ITA"]
[Date "2012.01.02"]
[Round "1"]
[White "Cazzaniga, Walter"]
[Black "Petrone, Gianmario"]
[Result "1-0"]
[WhiteElo "2128"]
[BlackElo "1933"]
[PlyCount "127"]
[EventDate "2012.01.02"]

1. d4 Nf6 2. c4 g6 3. Nc3 Bg7 4. e4 d6 5. Nf3 O-O 6. Be2 e5 7. O-O exd4 8. Nxd4
Re8 9. Bf3 Nbd7 10. Re1 Ne5 11. Be2 Nc6 12. Nxc6 bxc6 13. Bf1 Rb8 14. Qc2 Nd7
15. Be3 c5 16. Rad1 Ne5 17. f3 Ba6 18. b3 Qc8 19. Qd2 Nc6 20. Nd5 Nd4 21. Bg5
Kh8 22. Bf6 Bxf6 23. Nxf6 Re6 24. e5 dxe5 25. Ne4 Qf8 26. Ng5 Ree8 27. Qa5 Rb6
28. Ne4 Rc6 29. Qa4 Rce6 30. Qa5 Rc6 31. Nc3 Qd6 32. Nb5 Qd7 33. Nxa7 Rd6 34.
Kh1 Bb7 35. Qxc5 Nxf3 36. Rxd6 cxd6 37. Rd1 Re6 38. Nb5 Qe7 39. Qf2 Rf6 40. Qg3
Nd2 41. Bd3 e4 42. Qe3 Re6 43. Be2 Nf3 44. g3 g5 45. Nc3 Rh6 46. Bxf3 exf3 47.
Qf2 Re6 48. Kg1 g4 49. Kf1 Qf6 50. Qd4 Qxd4 51. Rxd4 h5 52. Kf2 f5 53. b4 Rh6
54. c5 d5 55. Nxd5 h4 56. Nf4 hxg3+ 57. hxg3 Bc6 58. Rd6 Rxd6 59. cxd6 Kg7 60.
Ne6+ Kf6 61. Nd4 Bd7 62. b5 Ke5 63. Nxf5 Kxf5 64. b6 1-0

[Event "Open A Befana"]
[Site "Milano ITA"]
[Date "2012.01.02"]
[Round "1"]
[White "Doric, Nenad"]
[Black "Pelizzola, Danilo"]
[Result "1-0"]
[WhiteElo "2327"]
[BlackElo "1963"]
[PlyCount "85"]
[EventDate "2012.01.02"]

1. e4 c5 2. c3 d5 3. exd5 Qxd5 4. d4 cxd4 5. cxd4 e5 6. Nf3 exd4 7. Qxd4 Nf6 8.
Nc3 Qxd4 9. Nxd4 Bd7 10. Ndb5 Na6 11. Bf4 Be7 12. Nd6+ Bxd6 13. Bxd6 O-O-O 14.
O-O-O Bc6 15. f3 Nc7 16. Bc4 Rd7 17. Rhe1 Re8 18. Rxe8+ Ncxe8 19. Bf4 Re7 20.
Nb5 Bxb5 21. Bxb5 Nc7 22. Bc4 Nfe8 23. Rd3 Ne6 24. Bg3 N8c7 25. Bd6 Rd7 26. Kd2
Ne8 27. Bg3 a6 28. Rxd7 Kxd7 29. Bd5 Nd8 30. Kd3 Nc7 31. Be4 h6 32. Kc4 Nce6
33. a4 Nc6 34. b4 Kc8 35. b5 axb5+ 36. Kxb5 Ned8 37. Kb6 Nb8 38. Bxb8 Kxb8 39.
g3 Kc8 40. h4 Kb8 41. a5 Kc8 42. Bxb7+ Nxb7 43. a6 1-0

[Event "Open A Befana"]
[Site "Milano ITA"]
[Date "2012.01.02"]
[Round "1"]
[White "Fercec, Nenad"]
[Black "Gonella, Daniele"]
[Result "1-0"]
[WhiteElo "2462"]
[BlackElo "2100"]
[PlyCount "147"]
[EventDate "2012.01.02"]

1. e4 e5 2. Nf3 Nc6 3. d4 exd4 4. Nxd4 Nf6 5. Nxc6 bxc6 6. Bd3 d5 7. exd5 cxd5
8. O-O Be7 9. Re1 O-O 10. Bg5 Qd6 11. h3 h6 12. Bh4 Qb4 13. Bg3 Bd6 14. Bxd6
Qxd6 15. Nd2 Bb7 16. Nb3 c5 17. Na5 Ba6 18. c4 Qb6 19. Qd2 Rad8 20. Qc3 Rfe8
21. Rxe8+ Rxe8 22. b3 d4 23. Qd2 Bb7 24. Re1 Rxe1+ 25. Qxe1 Kf8 26. a3 Be4 27.
Bxe4 Nxe4 28. Qxe4 Qxa5 29. Qa8+ Ke7 30. Qb7+ Kf6 31. b4 cxb4 32. axb4 Qa1+ 33.
Kh2 Qc3 34. Qc6+ Kg5 35. Qd5+ Kg6 36. Qe4+ Kf6 37. Qf4+ Ke6 38. c5 d3 39. Qd6+
Kf5 40. c6 d2 41. c7 d1=Q 42. g4+ Kg5 43. Qxd1 Qxc7+ 44. Kg1 Qf4 45. Qd5+ f5
46. Kg2 h5 47. Qd8+ Kg6 48. Qe8+ Kf6 49. Qxh5 Qe4+ 50. Kg3 f4+ 51. Kh4 Qxb4 52.
Qf5+ Ke7 53. Qe5+ Kf7 54. Qd5+ Ke7 55. Qe5+ Kf7 56. g5 a5 57. Qd5+ Ke7 58. Qe5+
Kf7 59. Qc7+ Kg6 60. Qc6+ Kh7 61. Kh5 Qf8 62. Qe4+ Kh8 63. h4 Qc8 64. f3 Qf8
65. Kg4 Qb8 66. h5 Qf8 67. Qc6 Qb8 68. h6 gxh6 69. Qxh6+ Kg8 70. Qe6+ Kh8 71.
Qd7 Qb6 72. Kh5 Qb3 73. Kh6 Qb6+ 74. g6 1-0

[Event "Open A Befana"]
[Site "Milano ITA"]
[Date "2012.01.02"]
[Round "1"]
[White "Guzzetti, Luigi Enrico"]
[Black "Gongalov, Bojan"]
[Result "0-1"]
[WhiteElo "1905"]
[BlackElo "2105"]
[PlyCount "72"]
[EventDate "2012.01.02"]

1. e4 Nf6 2. Nc3 d5 3. exd5 Nxd5 4. Nxd5 Qxd5 5. Nf3 Bg4 6. Be2 Nc6 7. O-O
O-O-O 8. d3 e6 9. h3 Bh5 10. Be3 Be7 11. Nd2 Bxe2 12. Qxe2 h5 13. a3 g5 14. Qf3
Qxf3 15. Nxf3 g4 16. Ng5 Bxg5 17. Bxg5 Rd5 18. Bf6 Rh6 19. Bc3 Rg6 20. Kh2 Ne7
21. Rae1 Rf5 22. g3 h4 23. hxg4 Rxg4 24. Kh3 Rg6 25. g4 Rf3+ 26. Kg2 Rf4 27. f3
Nd5 28. Be5 Ra4 29. Re4 Rxe4 30. dxe4 Ne3+ 31. Kf2 Nxf1 32. Kxf1 f6 33. Bh2 e5
34. Kg2 Rg7 35. Kh3 Rd7 36. Kxh4 Rd2 0-1

[Event "Open A Befana"]
[Site "Milano ITA"]
[Date "2012.01.02"]
[Round "1"]
[White "Martinez, Rolly"]
[Black "Bemporad, Filippo"]
[Result "1-0"]
[WhiteElo "2422"]
[BlackElo "2055"]
[PlyCount "78"]
[EventDate "2012.01.02"]

1. e4 c5 2. Nf3 d6 3. d4 cxd4 4. Qxd4 Nc6 5. Bb5 Bd7 6. Bxc6 Bxc6 7. c4 Nf6 8.
Nc3 e6 9. O-O Be7 10. b3 O-O 11. Bb2 Qa5 12. Rfe1 Rfd8 13. Nd5 Bxd5 14. exd5 e5
15. Qe3 Rac8 16. a4 a6 17. h3 Re8 18. Ba3 Nd7 19. Ng5 Qc7 20. a5 h6 21. Nf3 f5
22. Qe2 Bf6 23. Bb2 Nc5 24. Qc2 Ne4 25. Nh2 b5 26. axb6 Qxb6 27. Ra3 Bh4 28.
Re2 Rb8 29. Bc1 Rf8 30. Nf3 Be7 31. Ne1 Ra8 32. Nd3 Bg5 33. Bxg5 hxg5 34. Kh2
Nc5 35. Nxc5 Qxc5 36. Qa2 a5 37. Re1 Rfe8 38. f3 g4 39. hxg4 Ra7 1-0

[Event "Open A Befana"]
[Site "Milano ITA"]
[Date "2012.01.02"]
[Round "1"]
[White "Miracola, Massimiliano"]
[Black "Zufic, Miroslav"]
[Result "0-1"]
[WhiteElo "2084"]
[BlackElo "2427"]
[PlyCount "72"]
[EventDate "2012.01.02"]

1. e4 c5 2. Nf3 d6 3. d4 cxd4 4. Nxd4 Nf6 5. Nc3 a6 6. Be3 e5 7. Nb3 Be7 8. f3
Be6 9. Qd2 O-O 10. O-O-O a5 11. Kb1 a4 12. Nc1 a3 13. b3 Ra5 14. g4 d5 15. g5
d4 16. gxf6 Bxf6 17. Qe1 Qc7 18. Nb5 Qb6 19. Bd2 Rxb5 20. Bxb5 Qxb5 21. Bb4 Rc8
22. Bxa3 Nc6 23. Nd3 Qa6 24. Bb2 Ra8 25. Nc1 Bg5 26. Qe2 Qa5 27. a4 Na7 28. Nd3
Be3 29. Nxe5 b5 30. Bxd4 Bxd4 31. Rxd4 f6 32. Nd3 Qc3 33. Rd6 bxa4 34. Qe1 Qc8
35. Nf4 Nb5 36. Rxe6 Na3+ 0-1

[Event "Open A Befana"]
[Site "Milano ITA"]
[Date "2012.01.02"]
[Round "1"]
[White "Montani, Francesco"]
[Black "Motola, Jacopo"]
[Result "1-0"]
[WhiteElo "2209"]
[BlackElo "1945"]
[PlyCount "89"]
[EventDate "2012.01.02"]

1. e4 f6 2. d4 e6 3. Bd3 g6 4. h4 d5 5. h5 g5 6. h6 Bxh6 7. Qh5+ Kf8 8. Nc3 c6
9. e5 f5 10. Nh3 Qe8 11. Nxg5 Qxh5 12. Rxh5 Bxg5 13. Bxg5 h6 14. Kd2 b6 15.
Rah1 Kg7 16. Ne2 Na6 17. c3 Nc7 18. g4 fxg4 19. Bd8 Nb5 20. a4 Bd7 21. Bf6+
Nxf6 22. exf6+ Kxf6 23. axb5 c5 24. Rxh6+ Rxh6 25. Rxh6+ Ke7 26. Nf4 Rg8 27.
Ng6+ Kd6 28. Ne5 g3 29. fxg3 Be8 30. g4 c4 31. Bf5 Bxb5 32. Rxe6+ Kc7 33. Re7+
Kb8 34. Ke3 a5 35. Kf4 a4 36. g5 Be8 37. Be6 Rf8+ 38. Bf7 Bxf7 39. Rxf7 Rg8 40.
Nc6+ Kc8 41. Ne7+ Kd8 42. Nxg8 b5 43. g6 b4 44. Nf6 a3 45. g7 1-0

[Event "Open A Befana"]
[Site "Milano ITA"]
[Date "2012.01.02"]
[Round "1"]
[White "Nepi, Ezio"]
[Black "Cani, Gazmir"]
[Result "0-1"]
[WhiteElo "1934"]
[BlackElo "2150"]
[PlyCount "48"]
[EventDate "2012.01.02"]

1. d4 Nf6 2. c4 c5 3. d5 e6 4. Nc3 exd5 5. cxd5 Bd6 6. Nf3 O-O 7. g3 a6 8. a4
Bc7 9. Bg2 d6 10. O-O Re8 11. Bf4 Nbd7 12. Qc2 Rb8 13. Rfc1 Nf8 14. Rab1 Ng6
15. Bg5 h6 16. Bxf6 Qxf6 17. b4 Bf5 18. e4 Bg4 19. Ne1 cxb4 20. Rxb4 Ba5 21. e5
Nxe5 22. Rf4 Qd8 23. Ne4 Rc8 24. Qxc8 Bxc8 0-1

[Event "Open A Befana"]
[Site "Milano ITA"]
[Date "2012.01.02"]
[Round "1"]
[White "Nicolo', Filippo"]
[Black "Marholev, Dimitar"]
[Result "0-1"]
[WhiteElo "2049"]
[BlackElo "2370"]
[PlyCount "80"]
[EventDate "2012.01.02"]

1. e4 e5 2. Nf3 Nc6 3. Bb5 g6 4. c3 a6 5. Bxc6 dxc6 6. O-O Bg7 7. d3 c5 8. a4
a5 9. Na3 Ne7 10. Bg5 h6 11. Bh4 g5 12. Bg3 Bg4 13. Nc4 Ng6 14. Ne3 Be6 15. Nf5
Bxf5 16. exf5 Nf4 17. Bxf4 exf4 18. Re1+ Kf8 19. Ne5 Bxe5 20. Rxe5 b6 21. Qf3
Kg7 22. Rae1 Qf6 23. Qe4 Rad8 24. g3 fxg3 25. fxg3 Rd7 26. Re3 Rhd8 27. Qf3
Rxd3 28. Rxd3 Rxd3 29. Qxd3 Qxe5 30. g4 Qf4 31. h3 Qc1+ 32. Kg2 Qxb2+ 33. Kg3
Qb3 34. Qf3 Qxa4 35. f6+ Kf8 36. Qa8+ Qe8 37. Qf3 Qe5+ 38. Kg2 Ke8 39. Qc6+ Kd8
40. c4 Qe2+ 0-1

[Event "Open A Befana"]
[Site "Milano ITA"]
[Date "2012.01.02"]
[Round "1"]
[White "Seminara, Antonio"]
[Black "Lanzani, Mario"]
[Result "0-1"]
[WhiteElo "1989"]
[BlackElo "2347"]
[PlyCount "52"]
[EventDate "2012.01.02"]

1. d4 d5 2. Bg5 c5 3. c3 Qb6 4. Qc2 cxd4 5. cxd4 Nc6 6. e3 Bf5 7. Qxf5 Qxb2 8.
Qxd5 Qc1+ 9. Ke2 Qb2+ 10. Kf3 Qxa1 11. Bb5 Rc8 12. Qb3 h6 13. Bf4 g5 14. Be5 f6
15. Bg3 h5 16. Ne2 h4 17. Bb8 f5 18. g4 fxg4+ 19. Kg2 h3+ 20. Kg3 Nf6 21. Rc1
Kd8 22. Nbc3 Qxc1 23. Nxc1 Nxb8 24. N1e2 Rxc3 25. Nxc3 Rh4 26. a4 Nh5# 0-1

[Event "Open A Befana"]
[Site "Milano ITA"]
[Date "2012.01.02"]
[Round "1"]
[White "Swannie, Douglas"]
[Black "Bozzali, Ermanno"]
[Result "0-1"]
[WhiteElo "1932"]
[BlackElo "2110"]
[PlyCount "102"]
[EventDate "2012.01.02"]

1. d4 f5 2. g3 Nf6 3. Bg2 e6 4. Nf3 c6 5. O-O d5 6. b3 Bd6 7. c4 Qe7 8. Ne5 O-O
9. Bb2 Nfd7 10. e3 Na6 11. f4 Nf6 12. Qc1 Bd7 13. Ba3 Rfc8 14. Bxd6 Qxd6 15. c5
Qe7 16. Re1 Be8 17. Nc3 Bh5 18. h3 Nb8 19. b4 Nbd7 20. a4 Nxe5 21. dxe5 Nd7 22.
a5 b6 23. axb6 axb6 24. Na4 bxc5 25. bxc5 Rcb8 26. Qc3 Rb5 27. Bf1 Rba5 28. Nb6
Rxa1 29. Rxa1 Rxa1 30. Qxa1 Nxc5 31. Qa3 Qf8 32. Nc8 Ne4 33. Nd6 h6 34. Kh2 Bf3
35. Bd3 Qb8 36. Nxe4 fxe4 37. Bc2 Qb6 38. Qe7 c5 39. Qd6 Qxd6 40. exd6 Kf7 41.
Kg1 Ke8 42. Ba4+ Kd8 43. Kf2 c4 44. Ke1 c3 45. h4 Bh5 46. d7 Bg4 47. Bc6 Kc7
48. Ba4 e5 49. d8=Q+ Kxd8 50. Bb3 d4 51. Bd5 d3 0-1

[Event "Open A Befana"]
[Site "Milano ITA"]
[Date "2012.01.02"]
[Round "1"]
[White "Virzi, Ettore"]
[Black "Vezzosi, Paolo"]
[Result "1/2-1/2"]
[WhiteElo "1960"]
[BlackElo "2282"]
[PlyCount "116"]
[EventDate "2012.01.02"]

1. e4 c5 2. Nf3 Nc6 3. d4 cxd4 4. Nxd4 Qc7 5. Nc3 Nf6 6. Ndb5 Qb8 7. Nd5 Nxd5
8. exd5 a6 9. dxc6 axb5 10. cxd7+ Bxd7 11. Be2 e6 12. Bf3 Bd6 13. Be3 Be5 14.
c3 b4 15. Bd4 bxc3 16. bxc3 Ra4 17. g3 Bxd4 18. cxd4 Qa7 19. O-O Rxd4 20. Qb3
b5 21. Rfd1 Ra4 22. Qb2 O-O 23. Rd3 b4 24. Qd4 Bb5 25. Qxa7 Rxa7 26. Rb3 Bc4
27. Rxb4 Rxa2 28. Rxa2 Bxa2 29. Ra4 Bb1 30. Be4 Rb8 31. Bxb1 Rxb1+ 32. Kg2 g5
33. h4 h6 34. hxg5 hxg5 35. g4 Kg7 36. Kg3 Rb3+ 37. Kg2 Kf6 38. f3 Rd3 39. Kg3
Ke5 40. Re4+ Kd5 41. Ra4 f6 42. Kf2 Ke5 43. Re4+ Kd5 44. Ra4 Rc3 45. Rb4 Rc4
46. Rb5+ Rc5 47. Rb4 f5 48. gxf5 exf5 49. Ra4 f4 50. Rb4 Rc2+ 51. Kg1 Rc4 52.
Rb5+ Kd4 53. Rxg5 Ke3 54. Ra5 Rd4 55. Ra8 Kxf3 56. Ra3+ Ke4 57. Kf2 Rd2+ 58.
Kf1 Rd3 1/2-1/2

[Event "Open A Befana"]
[Site "Milano ITA"]
[Date "2012.01.02"]
[Round "1"]
[White "Vuelban, Virgilio"]
[Black "Astengo, Marcello"]
[Result "1-0"]
[WhiteElo "2347"]
[BlackElo "2030"]
[PlyCount "63"]
[EventDate "2012.01.02"]

1. e4 e6 2. d4 d5 3. Nc3 Nf6 4. e5 Ng8 5. Nf3 c5 6. dxc5 Bxc5 7. Bd3 Nc6 8. O-O
a6 9. Bf4 Nge7 10. Qd2 b5 11. a3 Bb7 12. b4 Bb6 13. a4 bxa4 14. Nxa4 Ba7 15.
Rfb1 h6 16. h4 Qd7 17. c3 Nf5 18. h5 g5 19. hxg6 fxg6 20. Nc5 Bxc5 21. bxc5 g5
22. Bxf5 gxf4 23. Bg6+ Kd8 24. Qxf4 Kc7 25. Bd3 Qg7 26. Nd4 Nxd4 27. cxd4 Rhg8
28. Bf1 Rgf8 29. Qd2 h5 30. Qa5+ Kc8 31. c6 Bxc6 32. Qc5 1-0

[Event "Open A Befana"]
[Site "Milano ITA"]
[Date "2012.01.03"]
[Round "2"]
[White "Astengo, Marcello"]
[Black "Guzzetti, Luigi Enrico"]
[Result "0-1"]
[WhiteElo "2030"]
[BlackElo "1905"]
[PlyCount "46"]
[EventDate "2012.01.02"]

1. d4 Nf6 2. c4 g6 3. Nc3 Bg7 4. e4 d6 5. f3 O-O 6. Be3 Nbd7 7. Qd2 c6 8. Nge2
a6 9. a4 Qa5 10. Rb1 Qc7 11. b4 b6 12. c5 bxc5 13. dxc5 dxc5 14. bxc5 Rd8 15.
Qa2 e5 16. a5 Rb8 17. Nc1 Rxb1 18. Nxb1 Nf8 19. Nd2 Ne6 20. Nc4 Bf8 21. Nd3 Nd7
22. Qa3 Nd4 23. Be2 Nc2+ 0-1

[Event "Open A Befana"]
[Site "Milano ITA"]
[Date "2012.01.03"]
[Round "2"]
[White "Bemporad, Filippo"]
[Black "Swannie, Douglas"]
[Result "1-0"]
[WhiteElo "2055"]
[BlackElo "1932"]
[PlyCount "43"]
[EventDate "2012.01.02"]

1. d4 d5 2. Nf3 c5 3. g3 Nc6 4. Bg2 Nf6 5. O-O e6 6. c4 Be7 7. cxd5 exd5 8. b3
O-O 9. Bb2 Ne4 10. Nc3 Nxc3 11. Bxc3 Bf6 12. h3 Be6 13. Qd2 cxd4 14. Nxd4 Qb6
15. Nxc6 bxc6 16. Bxf6 gxf6 17. Rac1 Rac8 18. Rfd1 Bf5 19. Qf4 Bg6 20. Qxf6
Rfe8 21. e3 Qd8 22. Rxc6 1-0

[Event "Open A Befana"]
[Site "Milano ITA"]
[Date "2012.01.03"]
[Round "2"]
[White "Bozzali, Ermanno"]
[Black "Martinez, Rolly"]
[Result "0-1"]
[WhiteElo "2110"]
[BlackElo "2422"]
[PlyCount "104"]
[EventDate "2012.01.02"]

1. e4 c5 2. Nf3 Nc6 3. d4 cxd4 4. Nxd4 Nf6 5. Nc3 e6 6. g3 Bb4 7. Bg2 d5 8.
exd5 Nxd5 9. O-O Bxc3 10. bxc3 Nxc3 11. Nxc6 Qxd1 12. Rxd1 Nxd1 13. Ba3 Nc3 14.
Bb2 Nd5 15. Na5 O-O 16. c4 Nb6 17. Rd1 Bd7 18. Ba3 Ba4 19. Rc1 Rfd8 20. Bxb7
Rab8 21. c5 Nd5 22. c6 h6 23. Bc5 Ra8 24. Bxa8 Rxa8 25. Bd6 Rc8 26. c7 f6 27.
Nc6 Bxc6 28. Rxc6 Nb6 29. Be7 Kf7 30. Bd8 Nd5 31. Kf1 e5 32. h4 Ke8 33. Rc5 Ne7
34. h5 Kd7 35. Rc4 Nf5 36. Ra4 Ra8 37. Ke2 Nd4+ 38. Kd3 Ne6 39. Rg4 a5 40. a4
Ra7 41. Kc4 Rb7 42. Kd5 Rb2 43. c8=Q+ Kxc8 44. Kxe6 Kxd8 45. Rxg7 Rxf2 46. Rd7+
Kc8 47. Rd5 Rg2 48. Rxa5 e4 49. Rc5+ Kb7 50. Rc4 f5 51. Rc5 e3 52. Re5 Rxg3 0-1

[Event "Open A Befana"]
[Site "Milano ITA"]
[Date "2012.01.03"]
[Round "2"]
[White "Cani, Gazmir"]
[Black "Fercec, Nenad"]
[Result "1/2-1/2"]
[WhiteElo "2150"]
[BlackElo "2462"]
[PlyCount "51"]
[EventDate "2012.01.02"]

1. d4 Nf6 2. c4 g6 3. Nc3 d5 4. Nf3 Bg7 5. Qb3 dxc4 6. Qxc4 O-O 7. e4 c6 8. Qb3
e5 9. dxe5 Ng4 10. Be2 Nxe5 11. O-O Nxf3+ 12. Bxf3 Qe7 13. Be3 Be6 14. Qc2 Nd7
15. Na4 Rfe8 16. Rac1 Ne5 17. Be2 Ng4 18. Bxg4 Bxg4 19. f3 Be6 20. b3 f5 21.
Rfe1 fxe4 22. fxe4 Bf7 23. Bf2 Red8 24. Kh1 Qb4 25. Rf1 Be6 26. Nc5 1/2-1/2

[Event "Open A Befana"]
[Site "Milano ITA"]
[Date "2012.01.03"]
[Round "2"]
[White "Cantu', Guido"]
[Black "Virzi, Ettore"]
[Result "1/2-1/2"]
[WhiteElo "1914"]
[BlackElo "1960"]
[PlyCount "129"]
[EventDate "2012.01.02"]

1. e4 e5 2. Nf3 Nc6 3. d4 exd4 4. Nxd4 Nf6 5. Nc3 Bb4 6. Nxc6 bxc6 7. Bd3 O-O
8. O-O d5 9. exd5 cxd5 10. Bg5 c6 11. Qf3 Bd6 12. Rfe1 Rb8 13. Rab1 h6 14. Bf4
Bg4 15. Qe3 Re8 16. Qd2 Bxf4 17. Qxf4 Rxe1+ 18. Rxe1 Rxb2 19. h3 Be6 20. Na4
Qb8 21. Qd2 Rb1 22. Nc5 Nd7 23. Nxe6 fxe6 24. c4 Rxe1+ 25. Qxe1 e5 26. cxd5
cxd5 27. Bf5 Nf6 28. Qa5 d4 29. Qc5 Kh8 30. Qc4 Qd8 31. Qc5 e4 32. Qc8 Qxc8 33.
Bxc8 g5 34. Kf1 Ne8 35. Ke2 Kg7 36. Ba6 Kf6 37. f3 Ke5 38. g3 Nf6 39. fxe4 Nxe4
40. Kf3 Nc3 41. Bc4 a5 42. Bf7 a4 43. Bc4 a3 44. Bf7 Ne4 45. Bg6 Nc3 46. Bf7
Nd5 47. Bg6 Nb4 48. Bf7 h5 49. h4 gxh4 50. gxh4 Kf5 51. Bxh5 Nxa2 52. Bf7 Nc3
53. h5 Kf6 54. Bc4 Kg5 55. Bf7 Kh6 56. Kf4 Kg7 57. Bc4 Nb5 58. Be6 Nd6 59. Kf3
Kh6 60. Ke2 Kxh5 61. Kd3 Nb5 62. Bb3 Kg5 63. Kc4 Kf4 64. Kxb5 d3 65. Kb4
1/2-1/2

[Event "Open A Befana"]
[Site "Milano ITA"]
[Date "2012.01.03"]
[Round "2"]
[White "Gonella, Daniele"]
[Black "Nepi, Ezio"]
[Result "1-0"]
[WhiteElo "2100"]
[BlackElo "1934"]
[PlyCount "69"]
[EventDate "2012.01.02"]

1. e4 c5 2. Nf3 d6 3. d4 cxd4 4. Qxd4 a6 5. c4 Nc6 6. Qd2 Nf6 7. Nc3 g6 8. b3
Bg7 9. Bb2 O-O 10. Be2 Qa5 11. Nd5 Qxd2+ 12. Nxd2 Nxd5 13. Bxg7 Kxg7 14. cxd5
Nd4 15. Rc1 Bd7 16. Rc7 Rfd8 17. Rxb7 Rab8 18. Rxb8 Rxb8 19. Nf3 Nxf3+ 20. gxf3
Rc8 21. Kd2 Kf6 22. Rc1 Rxc1 23. Kxc1 a5 24. Kd2 Kg5 25. Ke3 Kh4 26. Bf1 g5 27.
a3 h5 28. b4 axb4 29. axb4 f6 30. f4 g4 31. f5 Be8 32. Kf4 Ba4 33. f3 Bd7 34.
fxg4 hxg4 35. b5 1-0

[Event "Open A Befana"]
[Site "Milano ITA"]
[Date "2012.01.03"]
[Round "2"]
[White "Gongalov, Bojan"]
[Black "Vuelban, Virgilio"]
[Result "0-1"]
[WhiteElo "2105"]
[BlackElo "2347"]
[PlyCount "64"]
[EventDate "2012.01.02"]

1. Nf3 Nf6 2. g3 d5 3. Bg2 Bf5 4. c4 c6 5. O-O e6 6. d4 Nbd7 7. Nc3 h6 8. h3
dxc4 9. Bf4 Nd5 10. Ne5 Nxf4 11. gxf4 Nxe5 12. fxe5 Qh4 13. Kh2 g5 14. e4 Bh7
15. f4 O-O-O 16. d5 gxf4 17. Qg4 Qxg4 18. hxg4 Bg7 19. Rac1 Bxe5 20. Bf3 exd5
21. exd5 Bxc3 22. Rxc3 cxd5 23. Rd1 b5 24. Rd4 Be4 25. Kg2 Rhe8 26. a4 a6 27.
axb5 axb5 28. Rc1 Re6 29. Ra1 Kb7 30. Rad1 Bxf3+ 31. Kxf3 Kc6 32. Rxf4 Kd6 0-1

[Event "Open A Befana"]
[Site "Milano ITA"]
[Date "2012.01.03"]
[Round "2"]
[White "Lanzani, Mario"]
[Black "Cazzaniga, Walter"]
[Result "1-0"]
[WhiteElo "2347"]
[BlackElo "2128"]
[PlyCount "61"]
[EventDate "2012.01.02"]

1. e4 e6 2. d4 d5 3. Nd2 Nf6 4. e5 Nfd7 5. Bd3 c5 6. c3 Nc6 7. Ne2 cxd4 8. cxd4
f6 9. exf6 Nxf6 10. Nf3 Bd6 11. O-O O-O 12. Bf4 Nh5 13. Bxd6 Qxd6 14. Qd2 Rxf3
15. gxf3 e5 16. Qg5 g6 17. Bb5 Nxd4 18. Nxd4 exd4 19. Rfe1 Bf5 20. Rad1 Rf8 21.
Bf1 Nf4 22. Qe7 Qb6 23. Qe5 g5 24. Qxd4 Qh6 25. Re7 g4 26. Re3 gxf3 27. Rxf3
Bg6 28. Re1 b6 29. Rg3 Qh4 30. Qe5 Rf7 31. Rc1 1-0

[Event "Open A Befana"]
[Site "Milano ITA"]
[Date "2012.01.03"]
[Round "2"]
[White "Marholev, Dimitar"]
[Black "Montani, Francesco"]
[Result "1-0"]
[WhiteElo "2370"]
[BlackElo "2209"]
[PlyCount "45"]
[EventDate "2012.01.02"]

1. e4 g6 2. h4 h5 3. Nf3 c6 4. Nc3 d5 5. Ng5 dxe4 6. Bc4 Nh6 7. Ncxe4 Bg7 8. c3
e5 9. a4 O-O 10. b3 Re8 11. Ba3 b5 12. axb5 cxb5 13. Bxb5 Ba6 14. Bxa6 Nxa6 15.
Nd6 Re7 16. Qe2 Nc7 17. Nb7 Qd5 18. Bxe7 Qxb7 19. Qe4 Qb6 20. b4 f5 21. Qc4+
Kh8 22. O-O Re8 23. Bc5 1-0

[Event "Open A Befana"]
[Site "Milano ITA"]
[Date "2012.01.03"]
[Round "2"]
[White "Motola, Jacopo"]
[Black "Nicolo', Filippo"]
[Result "0-1"]
[WhiteElo "1945"]
[BlackElo "2049"]
[PlyCount "88"]
[EventDate "2012.01.02"]

1. e4 e5 2. Nc3 Nf6 3. Bc4 Nc6 4. d3 Na5 5. Bb3 Be7 6. Be3 d6 7. f3 O-O 8. Nge2
c6 9. d4 exd4 10. Bxd4 b5 11. Rb1 b4 12. Na4 c5 13. Bxf6 Bxf6 14. Bd5 Rb8 15.
c3 Ba6 16. cxb4 Rxb4 17. O-O Bxe2 18. Qxe2 Rxa4 19. b3 Rb4 20. a3 Rb6 21. b4
Nc6 22. bxc5 dxc5 23. Rfd1 Bd4+ 24. Kh1 Ne5 25. f4 Ng6 26. g3 Qb8 27. Qa2 Ne7
28. Bc4 Qb7 29. Bd3 Kh8 30. Rxb6 axb6 31. a4 Nc6 32. Qc4 Nb4 33. Bb1 f5 34.
Rxd4 cxd4 35. Qxb4 Rd8 36. Qb5 fxe4 37. Qf5 d3 38. Kg2 e3+ 39. Kg1 Qd5 40. Qh3
Qc5 41. Kg2 e2 42. Qh4 Qd5+ 43. Kf2 Qd4+ 44. Kg2 e1=Q 0-1

[Event "Open A Befana"]
[Site "Milano ITA"]
[Date "2012.01.03"]
[Round "2"]
[White "Pelizzola, Danilo"]
[Black "Miracola, Massimiliano"]
[Result "1/2-1/2"]
[WhiteElo "1963"]
[BlackElo "2084"]
[PlyCount "123"]
[EventDate "2012.01.02"]

1. e4 c5 2. Nf3 d6 3. d4 cxd4 4. Nxd4 Nf6 5. Nc3 g6 6. Be2 Bg7 7. Be3 Nc6 8.
O-O O-O 9. Nb3 Be6 10. Qd2 Rc8 11. f4 Na5 12. Nxa5 Qxa5 13. Bf3 b5 14. a4 b4
15. Nb5 Bc4 16. Rfd1 a6 17. Nd4 e5 18. fxe5 dxe5 19. Nb3 Bxb3 20. cxb3 Rfd8 21.
Qf2 Bf8 22. Bb6 Rxd1+ 23. Rxd1 Qxb6 24. Qxb6 Bc5+ 25. Qxc5 Rxc5 26. Rd6 Kg7 27.
Rxa6 Rc1+ 28. Kf2 Rc2+ 29. Ke3 Rxb2 30. Kd3 Rxb3+ 31. Kc4 Rb1 32. Rb6 Re1 33.
Rxb4 Nxe4 34. Bxe4 Rxe4+ 35. Kb5 Re2 36. a5 Rxg2 37. a6 Ra2 38. Ra4 Rb2+ 39.
Kc6 Rb8 40. a7 Ra8 41. Kb7 Re8 42. a8=Q Rxa8 43. Rxa8 e4 44. Kc6 f5 45. Kd5 Kf6
46. Kd4 Kg5 47. Ke3 Kg4 48. Rg8 g5 49. Rh8 h5 50. Rg8 h4 51. Rg7 Kh3 52. Rxg5
Kxh2 53. Rxf5 h3 54. Kf2 e3+ 55. Kf1 Kg3 56. Re5 Kf3 57. Re8 h2 58. Rf8+ Kg3
59. Rh8 e2+ 60. Kxe2 Kg2 61. Rg8+ Kh1 62. Kf2 1/2-1/2

[Event "Open A Befana"]
[Site "Milano ITA"]
[Date "2012.01.03"]
[Round "2"]
[White "Petrone, Gianmario"]
[Black "Seminara, Antonio"]
[Result "1/2-1/2"]
[WhiteElo "1933"]
[BlackElo "1989"]
[PlyCount "50"]
[EventDate "2012.01.02"]

1. e4 c5 2. Nf3 Nc6 3. d4 cxd4 4. Nxd4 e5 5. Nb5 a6 6. Nd6+ Bxd6 7. Qxd6 Qf6 8.
Qd1 Qg6 9. Nc3 d5 10. Nxd5 Qxe4+ 11. Be3 Nd4 12. Nc7+ Ke7 13. Qd3 Nxc2+ 14. Kd2
Qxd3+ 15. Bxd3 Nxe3 16. Nxa8 Nd5 17. Rac1 Ngf6 18. Nc7 Nb6 19. Rhd1 Bd7 20. Ke1
Rc8 21. f3 Bc6 22. Nxa6 bxa6 23. Bxa6 Ra8 24. Rxc6 Rxa6 25. Rdd6 Nfd7 1/2-1/2

[Event "Open A Befana"]
[Site "Milano ITA"]
[Date "2012.01.03"]
[Round "2"]
[White "Vezzosi, Paolo"]
[Black "Astengo, Corrado"]
[Result "1-0"]
[WhiteElo "2282"]
[BlackElo "2109"]
[PlyCount "136"]
[EventDate "2012.01.02"]

1. Nf3 d5 2. c4 c6 3. e3 Nf6 4. Nc3 e6 5. b3 Nbd7 6. Bb2 Bd6 7. Be2 O-O 8. O-O
b6 9. Rc1 Bb7 10. cxd5 exd5 11. Rc2 Re8 12. Qa1 a6 13. Rfc1 c5 14. d4 Rc8 15.
dxc5 bxc5 16. Na4 d4 17. exd4 Be4 18. Bxa6 Ra8 19. Bb5 Bxc2 20. Rxc2 cxd4 21.
Bxd4 Re7 22. Bxd7 Qxd7 23. Bxf6 gxf6 24. Qxf6 Be5 25. Qg5+ Bg7 26. Rd2 Rae8 27.
h4 Qc7 28. g3 Qc6 29. Kg2 h6 30. Qf5 Re2 31. Qd3 Rxd2 32. Qxd2 Qb5 33. Nc3 Qb4
34. Nb1 Qb5 35. Na3 Qa6 36. Nc4 Rc8 37. a4 Rb8 38. Qd3 Qb7 39. Ncd2 Rc8 40. Qf5
Rc3 41. Ne4 Rc6 42. Qd5 Rb6 43. Qd8+ Kh7 44. Ned2 Qb8 45. Qd5 Qb7 46. Qf5+ Kg8
47. Nc4 Re6 48. Qd3 Bf8 49. Qc3 Bb4 50. Qd3 Bc5 51. Qf5 Qc6 52. Nce5 Qe8 53.
Nxf7 Bxf2 54. Nxh6+ Rxh6 55. Kxf2 Qc6 56. Qg4+ Kh8 57. Qd4+ Kg8 58. Qc4+ Qxc4
59. bxc4 Ra6 60. Ke3 Rxa4 61. Ne5 Kg7 62. g4 Kf6 63. Ke4 Ke6 64. h5 Ra2 65. Nf3
Re2+ 66. Kd4 Rg2 67. g5 Rg3 68. Ke3 Rg4 1-0

[Event "Open A Befana"]
[Site "Milano ITA"]
[Date "2012.01.03"]
[Round "2"]
[White "Zufic, Miroslav"]
[Black "Doric, Nenad"]
[Result "1/2-1/2"]
[WhiteElo "2427"]
[BlackElo "2327"]
[PlyCount "20"]
[EventDate "2012.01.02"]

1. c4 c5 2. Nf3 Nf6 3. Nc3 Nc6 4. g3 g6 5. Bg2 Bg7 6. O-O O-O 7. e4 d6 8. h3 a6
9. d3 Rb8 10. Bd2 b5 1/2-1/2